Представление документа в формате RUSMARC

ПолеНазваниеЗначение
  Тип записи a
  Библиографический уровень a
001 Контрольный номер 2b74c4e409bf425388e6c3c74e6d2631
005 Дата корректировки 20260218152230.9
100 Данные общей обработки __
a Данные общей обработки 20260218 ||| 0rusy0189 ca
101 Язык документа 0_
a Язык текста rus
102 Страна публикации __
a Страна публикации RU
200 Заглавие и сведения об ответственности 1_
a Заглавие Региональный месячник школьных библиотек в Республике Адыгея
f Первые сведения об ответственности Н. А. Иглина
e Сведения, относящиеся к заглавию [обзор мероприятий в Международный месячник школьных библиотек]
461 Уровень набора _0
1 2000
a Школьная библиотека
463 Уровень физической единицы _0
1 2000
a № 5
b Текст
v С. 45-49 : фот.
1 2101
d 2025
1 0012abfa6f7d33340e28e3e252aeee7b0ef
606 Тематические рубрики 0_
a Основная рубрика Методы и формы массового обслуживания библиотек - Месячник школьных библиотек
610 Ключевые слова 0_
a Ключевые слова Месячник школьных библиотек, Международный месячник школьных библиотек, школьные библиотеки, библиотеки, мероприятия
686 Индексы других классификаций __
a Классификационный индекс 78.374.3
700 Автор _1
a Фамилия Иглина
b Имя (инициалы) Н. А.
g Полное личное имя Наталия Александровна
801 Источник записи _0
a Страна RU
b Организация УОБДЮ
c Дата составления 20260218
g Правила каталогизации RCR
801 Источник записи _1
a Страна RU
b Организация УОБДЮ
c Дата составления 20260218
g Правила каталогизации RCR
901 Тип документа __
t Тип документа b
w Контрольный № источника 2abfa6f7d33340e28e3e252aeee7b0ef
905 Данные по созданию БЗ __
b Логин пользователя, который создал БЗ ibo8